Normal view MARC view
  • Buckmaster Paul

Entry Personal Name

Number of records used in: 1

001 - CONTROL NUMBER

  • control field: 23809

003 - CONTROL NUMBER IDENTIFIER

  • control field: IT-RoPau

005 - DATE AND TIME OF LATEST TRANSACTION

  • control field: 20140504155214.0

008 - FIXED-LENGTH DATA ELEMENTS

  • fixed length control field: 140504|| aca||aabn | a|a d

040 ## - CATALOGING SOURCE

  • Original cataloging agency: IT-RoPau
  • Transcribing agency: IT-RoPau

100 ## - HEADING--PERSONAL NAME

  • Personal name: Buckmaster Paul
  • Miscellaneous information: Codice autore musica SPICS: 22323
  • Relator term: Autore musica
  • Name of part/section of a work: Capinera

670 ## - SOURCE DATA FOUND

  • Source citation: Work cat.: (IT-RoPau)101483: De Sio Teresa 1907, Sindarella suite (Lp 834 359)
CREDITS: SOCIETA' SAN PAOLO Via A.Severo, 58 - ROMA (RM) & PERIODICI SAN PAOLO SRL Via Giotto, 36 MILANO & CISF Via Giotto, 36 MILANO & EDIZIONI SAN PAOLO SRL,  Piazza Soncino, 5 CINISELLO BALSAMO (MI) -- ITALY